00640nam a2200169Ia 4500008004000000020001800040082001300058100002200071245006500093260004000158300001200198650006000210690001600270906001000286999001900296952015500315210210b2000 xxu||||| |||| 00| 0 eng d a81 7371 266 2 a428 WEIW aWEISS (Edmond H). aWriting remedies: practical exercises for technical writing. aHyderabadbUniversities Pressc2000 axii,177 aWriting remedies Technical writing Writing exercises  aEnglish Usa aSG037 c114680d114680 001040708LinguisticsaALbALcLinguisticsd2021-02-17eSita Book House, Mangalore.g0.00l0o428 WEIWpSG03717r2021-02-17 00:00:00w2021-02-17ySG